LIBRARY & INFORMATION CENTRE, KCAET, TAVANUR

ONLINE PUBLIC ACCESS CATALOGUE (OPAC)

Mitchell`s Advanced Building Construction : Components service and Finishes / (Record no. 3284)

MARC details
000 -LEADER
fixed length control field 00415cam a2200145ua 4500
041 ## - LANGUAGE CODE
Language code of text/sound track or separate title eng
082 ## - DEWEY DECIMAL CLASSIFICATION NUMBER
Classification number 690
Item number NIE/MI
100 ## - MAIN ENTRY--AUTHOR NAME
Personal name Nield, Densil .
245 ## - TITLE STATEMENT
Title Mitchell`s Advanced Building Construction : Components service and Finishes /
260 ## - PUBLICATION, DISTRIBUTION, ETC. (IMPRINT)
Place of publication Bombay :
Name of publisher Allied Publishers Pvt Ltd ,
Year of publication 1961.
300 ## - PHYSICAL DESCRIPTION
Number of Pages 436 ; .
942 ## - ADDED ENTRY ELEMENTS (KOHA)
Koha item type Books
Holdings
Withdrawn status Lost status Damaged status Home library Current library Date acquired Full call number Accession Number Koha item type
      KAUAET KAUAET 07/04/2012 690 803 Books
free website counter